[Event "8th Sunway Sitges 2021"]
[Site "Sitges ESP"]
[Date "2021.12.20"]
[Round "7.30"]
[White "Kurmann, Oliver"]
[Black "Van Dael, Siem"]
[Result "1-0"]
[WhiteTitle "IM"]
[BlackTitle "FM"]
[WhiteElo "2466"]
[BlackElo "2300"]
[WhiteFideId "1308173"]
[BlackFideId "1049771"]
[EventDate "2021.12.13"]

1. e4 e5 2. Nf3 Nc6 3. Bb5 a6 4. Ba4 Nf6 5. O-O Be7 6. Re1 b5 7. Bb3 O-O 8. c3
d5 9. exd5 Nxd5 10. Nxe5 Nxe5 11. Rxe5 c6 12. Re1 Bd6 13. g3 Bf5 14. d4 Qf6 15.
Be3 Qg6 16. Nd2 Bg4 17. f3 Bf5 18. Nf1 h5 19. Bxd5 cxd5 20. Qd2 Rfc8 21. Bf4 b4
22. Bxd6 bxc3 23. bxc3 Qxd6 24. Re5 Bg6 25. Ne3 f6 26. Rxd5 Qa3 27. c4 Re8 28.
Re1 a5 29. Kf2 Qb4 30. Re2 Qb1 31. Re1 Qb4 32. Rd1 Qa4 33. Rc5 Ra6 34. Nd5 Rd6
35. Re1 Rxe1 36. Kxe1 Kh7 37. Nf4 Bf7 38. Qd3+ g6 39. Rc7 Kg8 40. Rc8+ Kg7 41.
Rc7 Kg8 42. d5 g5 43. Ne6 Qe8 44. Qf5 Qb8 45. Kf1 Rb6 46. Rxf7 Rb1+ 47. Kg2 Rb2+
48. Kh3 Kxf7 49. Nxg5+ Ke7 50. Qe6+ Kd8 51. Nf7+ 1-0

[Event "8th Sunway Sitges 2021"]
[Site "Sitges ESP"]
[Date "2021.12.20"]
[Round "7.31"]
[White "Quintiliano Pinto, Renato R."]
[Black "Crevatin, Leo"]
[Result "1-0"]
[WhiteTitle "IM"]
[BlackTitle "CM"]
[WhiteElo "2466"]
[BlackElo "2238"]
[WhiteFideId "2117568"]
[BlackFideId "1726307"]
[EventDate "2021.12.13"]

1. d4 Nf6 2. Nf3 d5 3. c4 e6 4. Nc3 dxc4 5. e4 b5 6. e5 Nd5 7. Nxb5 Nb6 8. Be2
Be7 9. Be3 Nc6 10. a3 Qd7 11. Nc3 Bb7 12. Qc2 Na5 13. Rd1 h6 14. h4 O-O-O 15. h5
Qc6 16. O-O Rhg8 17. Ne1 Kb8 18. f4 f5 19. Bf3 Qd7 20. Bxb7 Kxb7 21. Nf3 Nd5 22.
Nxd5 Qxd5 23. Qc3 g6 24. Rc1 c6 25. Rc2 gxh5 26. Bd2 Nb3 27. Qxc4 Nxd4 28. Qxd5
Rxd5 29. Nxd4 Rxd4 30. Rf3 Rd5 31. Rb3+ Rb5 32. Rbc3 h4 33. Kh2 Rc8 34. Be3 Bd8
35. Kh3 Rd5 36. Rb3+ Bb6 37. Kxh4 Rg8 38. Kh3 Rd1 39. Kh2 Rgd8 40. Bxb6 axb6 41.
Rbc3 c5 42. b4 R8d3 43. bxc5 Rxc3 44. Rxc3 bxc5 45. Rxc5 Ra1 46. Rc3 Rf1 47. Rf3
Ra1 48. Rd3 h5 49. Rd6 Rxa3 50. Rxe6 Ra4 51. g3 h4 52. Rf6 hxg3+ 53. Kxg3 Kc7
54. Rxf5 Kc6 55. Rf8 Kd5 56. Kg4 Ke4 57. Rb8 Rc4 58. Kg5 Ra4 59. e6 Ra7 60. f5 1-0

[Event "8th Sunway Sitges 2021"]
[Site "Sitges ESP"]
[Date "2021.12.20"]
[Round "7.32"]
[White "Mohammad, Nubairshah Shaikh"]
[Black "Tanmay, Chopra"]
[Result "1-0"]
[WhiteTitle "IM"]
[WhiteElo "2429"]
[BlackElo "2221"]
[WhiteFideId "5053196"]
[BlackFideId "25630946"]
[EventDate "2021.12.13"]

1. Nf3 d5 2. d4 Nf6 3. c4 c6 4. g3 Bf5 5. Nc3 e6 6. Qb3 Qb6 7. c5 Qc7 8. Bf4 Qc8
9. Nh4 Bg6 10. Nxg6 hxg6 11. Bg2 Nbd7 12. Qc2 b6 13. cxb6 axb6 14. O-O b5 15.
Rac1 Nb6 16. Rfe1 Be7 17. e4 O-O 18. Bg5 Qd7 19. e5 Nh7 20. Bxe7 Qxe7 21. Ne2
Rfc8 22. a3 Nc4 23. Nf4 b4 24. axb4 Qxb4 25. Nd3 Qb6 26. b3 Na3 27. Qb2 Nb5 28.
Nc5 Rc7 29. Ra1 Rca7 30. Ra4 Nf8 31. Bf1 Qc7 32. Rc1 Qb8 33. h4 Qd8 34. Rca1 Qb6
35. Rc1 Qd8 36. Qa1 Qb6 37. Rc2 Nc7 38. Rca2 Rxa4 39. bxa4 Rb8 40. Qc3 Qb4 41.
Qxb4 Rxb4 42. a5 f6 43. a6 Rb8 44. Rc2 fxe5 45. dxe5 Na8 46. Kg2 Rb1 47. Ra2 Kf7
48. a7 Ke7 49. Ba6 Nc7 50. Bd3 Rc1 51. Na6 Na8 52. Rb2 Nd7 53. Rb7 Ra1 54. Nc5
Nb6 55. Ba6 1-0

[Event "8th Sunway Sitges 2021"]
[Site "Sitges ESP"]
[Date "2021.12.20"]
[Round "7.33"]
[White "Molina, Roberto Junio Brito"]
[Black "Priyanka, Nutakki"]
[Result "1-0"]
[WhiteTitle "IM"]
[BlackTitle "WIM"]
[WhiteElo "2420"]
[BlackElo "2187"]
[WhiteFideId "2109450"]
[BlackFideId "25049615"]
[EventDate "2021.12.13"]

1. d4 Nf6 2. c4 e6 3. Nf3 d5 4. Nc3 dxc4 5. e4 b5 6. e5 Nd5 7. Nxb5 Nb6 8. Be2
Nc6 9. O-O Be7 10. Be3 Rb8 11. Qc1 Ba6 12. Nc3 Nb4 13. Rd1 O-O 14. a3 N4d5 15.
b4 Nxc3 16. Qxc3 Na4 17. Qc2 Bb5 18. Nd2 a5 19. Bxc4 c6 20. Bb3 Nb6 21. a4 Be2
22. Re1 Ba6 23. bxa5 Nd5 24. Bc4 Nxe3 25. fxe3 Qxa5 26. Bxa6 Qxa6 27. Qc4 Qa5
28. Ne4 Rb6 29. h3 Rfb8 30. Rec1 h6 31. Kh2 Ra8 32. Rc2 Rb4 33. Qxc6 Rxa4 34.
Rxa4 Qxa4 35. Qxa4 Rxa4 36. Rc8+ Kh7 37. Rc7 Ba3 38. Rxf7 Kg6 39. Rf1 Rc4 40.
Kg3 Bc1 41. Kf3 Rc2 42. Rf2 Rc4 43. Ra2 Rb4 44. Rc2 Ba3 45. Rc3 Kf7 46. Nd6+ 1-0

[Event "8th Sunway Sitges 2021"]
[Site "Sitges ESP"]
[Date "2021.12.20"]
[Round "7.44"]
[White "Tarigan, Gilbert Elroy"]
[Black "Baenziger, Fabian"]
[Result "1-0"]
[WhiteTitle "IM"]
[BlackTitle "IM"]
[WhiteElo "2149"]
[BlackElo "2409"]
[WhiteFideId "7108133"]
[BlackFideId "1330110"]
[EventDate "2021.12.13"]

1. d4 d5 2. Nf3 Nf6 3. c4 c6 4. Nc3 e6 5. g3 Be7 6. Bg2 O-O 7. O-O a5 8. b3 b6
9. Bb2 Ba6 10. Nd2 b5 11. c5 b4 12. Na4 Nbd7 13. Re1 Qc7 14. f4 Bb5 15. Rc1 Kh8
16. Qc2 Rad8 17. e3 Qb7 18. Ba1 Qa6 19. Nb2 Ng8 20. Nf3 f5 21. Nc4 a4 22. Nce5
Bf6 23. Qd2 axb3 24. axb3 Qa3 25. Qc2 Ne7 26. Bb2 Qa5 27. Ra1 Qc7 28. Ra2 Ng6
29. Rea1 Rb8 30. Nxg6+ hxg6 31. h3 Be7 32. g4 g5 33. Ra7 Qd8 34. Bc1 Rf7 35. h4
gxf4 36. g5 fxe3 37. Bxe3 f4 38. Qg6 Kg8 39. Rxd7 Qxd7 40. Ne5 Qe8 41. Bh3 Bf6
42. gxf6 Rxf6 43. Qxe8+ Rxe8 44. Bd2 Rh6 45. Be1 Rf6 46. Kf2 f3 47. Bd2 Rff8 48.
Ra5 Kh7 49. Bg4 Ra8 50. Bxb4 Rxa5 51. Bxa5 Rf4 52. Bc3 Re4 53. Bxf3 Rxh4 54. Kg3
Rh6 55. Ng4 Rg6 56. Kh4 Kg8 57. Bd2 Bd3 58. Bg5 Bc2 59. Ne5 Rf6 60. Bxf6 gxf6
61. Nxc6 Bxb3 62. Nd8 e5 63. c6 Ba4 64. c7 Bd7 65. dxe5 fxe5 66. Bg4 1-0

[Event "8th Sunway Sitges 2021"]
[Site "Sitges ESP"]
[Date "2021.12.20"]
[Round "7.45"]
[White "Dukic, Zachary"]
[Black "Sukandar, Irine Kharisma"]
[Result "1-0"]
[BlackTitle "IM"]
[WhiteElo "2140"]
[BlackElo "2407"]
[WhiteFideId "2617188"]
[BlackFideId "7101937"]
[EventDate "2021.12.13"]

1. d4 Nf6 2. c4 c5 3. d5 b5 4. cxb5 a6 5. bxa6 g6 6. Nc3 Bg7 7. e4 Qa5 8. a7
Rxa7 9. Bd2 Rb7 10. e5 Ng8 11. Nb5 Qb6 12. Nf3 Nh6 13. Bc4 O-O 14. O-O Nf5 15.
Qe1 Nd4 16. Nfxd4 cxd4 17. Rc1 g5 18. Bxg5 d6 19. exd6 exd6 20. Bf4 Rd7 21. Qd2
Ba6 22. a4 Rc8 23. Bh6 Bf6 24. Rfe1 Kh8 25. Qf4 Be5 26. Qf5 Rg8 27. Bd3 Rg6 28.
Rxe5 dxe5 29. Qxe5+ f6 30. Qf4 Rxd5 31. Bxg6 hxg6 32. a5 Qd8 33. Nc7 g5 34. Qg4
Re5 35. Qh5 Be2 36. Qg6 Qe7 37. Ne6 1-0

[Event "8th Sunway Sitges 2021"]
[Site "Sitges ESP"]
[Date "2021.12.20"]
[Round "7.46"]
[White "Hess, Max"]
[Black "Lever, Erwan"]
[Result "1-0"]
[WhiteTitle "FM"]
[WhiteElo "2404"]
[BlackElo "2268"]
[WhiteFideId "24656666"]
[BlackFideId "20640099"]
[EventDate "2021.12.13"]

1. d4 Nf6 2. Nf3 e6 3. g3 d5 4. Bg2 b5 5. O-O Nbd7 6. a4 b4 7. c4 bxc3 8. Nxc3
c6 9. e4 Nxe4 10. Nxe4 dxe4 11. Ng5 Ba6 12. Re1 Bc4 13. Bxe4 Be7 14. Qh5 g6 15.
Qh6 Bf8 16. Qh3 Be7 17. Bxc6 Rc8 18. d5 Bxg5 19. Bxd7+ Kxd7 20. dxe6+ Kc7 21. e7
Bxe7 22. Bf4+ Kb6 23. Rad1 Qe8 24. Rd7 Bc5 25. Rxe8 Rhxe8 26. Rd1 Rcd8 27. Rc1
Re2 28. Be3 Bxe3 29. fxe3 Rdd2 30. Qh4 Rg2+ 31. Kh1 Rxh2+ 32. Qxh2 Bd5+ 33. Kg1
Rxh2 34. Kxh2 Bb3 35. Rf1 f5 36. Rf4 Ka5 37. Rh4 h5 38. Rd4 Bxa4 39. Rd6 Kb4 40.
Rxg6 Bb5 41. Rg5 Bd3 42. Rxh5 Kb3 43. Rh7 a6 44. Rd7 Kc2 45. g4 fxg4 46. Kg3 Bb5
47. Rb7 Kxb2 48. e4 Ka3 49. e5 Bc4 50. Rc7 Ba2 51. Ra7 Kb4 52. Rxa6 Bc4 53. Rd6 1-0

[Event "8th Sunway Sitges 2021"]
[Site "Sitges ESP"]
[Date "2021.12.20"]
[Round "7.47"]
[White "Daulyte-Cornette, Deimante"]
[Black "Utsab, Chatterjee"]
[Result "1/2-1/2"]
[WhiteTitle "IM"]
[WhiteElo "2398"]
[BlackElo "2255"]
[WhiteFideId "12802859"]
[BlackFideId "46609148"]
[EventDate "2021.12.13"]

1. e4 c5 2. Nf3 d6 3. Bb5+ Bd7 4. Bxd7+ Qxd7 5. O-O Nf6 6. Qe2 Nc6 7. c3 e6 8.
d4 cxd4 9. cxd4 d5 10. e5 Ng8 11. Nc3 Nge7 12. Qd3 Nc8 13. Ne2 Nb6 14. b3 O-O-O
15. Bg5 Re8 16. Rfc1 Kb8 17. a4 a6 18. Qd1 h6 19. Bd2 f6 20. Nf4 fxe5 21. Ng6
Rg8 22. Nfxe5 Nxe5 23. Nxe5 Qd8 24. Ba5 Ka8 25. Qd3 Bd6 26. Rc2 Bb8 27. Rac1 Ba7
28. Rc7 Re7 29. R7c2 Qd6 30. Qd2 Ree8 31. Bb4 Qd8 32. g3 Qf6 33. a5 Nc8 34. Rc7
Ne7 35. Qc3 Nf5 36. Rxb7 Rc8 37. Rc7 Rxc7 38. Qxc7 Nxd4 39. Bc5 Bxc5 40. Rxc5
Qxe5 41. Qb6 Qe1+ 42. Kg2 Qe4+ 43. Kh3 Qf5+ 44. Kg2 Qf3+ 45. Kh3 Qh5+ 46. Kg2
Qf3+ 1/2-1/2

[Event "8th Sunway Sitges 2021"]
[Site "Sitges ESP"]
[Date "2021.12.20"]
[Round "7.48"]
[White "Halmeenmaki, Tuomo"]
[Black "Sorensen, Hampus"]
[Result "0-1"]
[BlackTitle "IM"]
[WhiteElo "2128"]
[BlackElo "2379"]
[WhiteFideId "502774"]
[BlackFideId "8703884"]
[EventDate "2021.12.13"]

1. c4 e6 2. Nf3 d5 3. g3 Nf6 4. Bg2 c6 5. b3 Nbd7 6. O-O Bd6 7. Bb2 e5 8. cxd5
cxd5 9. d4 e4 10. Ne5 O-O 11. Nxd7 Bxd7 12. Ba3 Bxa3 13. Nxa3 Qa5 14. Nc2 Rac8
15. Ne3 Ng4 16. Nxg4 Bxg4 17. f3 exf3 18. Bxf3 Bxf3 19. Rxf3 Rfe8 20. Rd3 Rc6
21. Qd2 Qc7 22. Re3 Rxe3 23. Qxe3 g6 24. Rf1 Re6 25. Qd3 Qe7 26. Rf2 a6 27. Qc2
h5 28. Qc5 Qd7 29. Qc3 Re4 30. e3 Qe6 31. Rf3 h4 32. Kf2 Qd7 33. Kg1 Re8 34. Rf4
Rc8 35. Qd3 hxg3 36. hxg3 Qh3 0-1

[Event "8th Sunway Sitges 2021"]
[Site "Sitges ESP"]
[Date "2021.12.20"]
[Round "7.49"]
[White "Prraneeth, Vuppala"]
[Black "Sihite, Chelsie Monica Ignesias"]
[Result "1-0"]
[WhiteTitle "CM"]
[BlackTitle "WIM"]
[WhiteElo "2377"]
[BlackElo "2252"]
[WhiteFideId "46622373"]
[BlackFideId "7101198"]
[EventDate "2021.12.13"]

1. e4 c5 2. Nf3 d6 3. d4 cxd4 4. Nxd4 Nf6 5. Nc3 Nc6 6. Bg5 e6 7. Qd3 a6 8. Nxc6
bxc6 9. O-O-O h6 10. Bxf6 Qxf6 11. Qe3 Qg5 12. f4 Qa5 13. Bc4 Be7 14. Kb1 Rb8
15. Bb3 O-O 16. g4 c5 17. h4 Rb4 18. a3 Rb7 19. g5 h5 20. f5 g6 21. fxg6 fxg6
22. Rhf1 Qc7 23. Qd3 Kh7 24. Ne2 Rxf1 25. Rxf1 Bd8 26. Nf4 Qg7 27. Qxd6 Bc7 28.
Qxc5 a5 29. Nd3 Bd7 30. e5 Bb5 31. Bc4 Bxc4 32. Qxc4 Bxe5 33. Nxe5 Qxe5 34. b3
Rc7 35. Qd3 a4 36. b4 Rg7 37. Ka2 Qb8 38. Qe4 Qe8 39. Rf2 e5 40. Re2 Qe6+ 41.
Kb2 Re7 42. Rf2 Rd7 43. Rf6 Qe8 44. Qc6 Re7 45. Qxe8 Rxe8 46. Rf3 Kg7 47. c4 Rd8
48. b5 e4 49. Re3 Kf7 50. Rxe4 Rd3 51. Re2 Rh3 52. Ka2 Rb3 53. Rb2 1-0

[Event "8th Sunway Sitges 2021"]
[Site "Sitges ESP"]
[Date "2021.12.20"]
[Round "7.50"]
[White "Bhambure, Shantanu"]
[Black "Sieber, Fiona"]
[Result "0-1"]
[BlackTitle "WIM"]
[WhiteElo "2377"]
[BlackElo "2225"]
[WhiteFideId "5025931"]
[BlackFideId "12902373"]
[EventDate "2021.12.13"]

1. d4 Nf6 2. Nf3 g6 3. Nbd2 d5 4. b4 Bg7 5. e3 O-O 6. c4 c6 7. a4 a5 8. b5 c5 9.
Bb2 Nbd7 10. Be2 b6 11. O-O Bb7 12. Rc1 Rc8 13. Qb3 Qc7 14. Qa3 Qb8 15. dxc5
Nxc5 16. Rfd1 Rfd8 17. Bd4 Nfe4 18. Bxg7 Kxg7 19. cxd5 Bxd5 20. Nxe4 Bxe4 21. h3
Bxf3 22. Bxf3 Qe5 23. g3 h5 24. Kg2 Qf6 25. h4 e5 26. Qa2 e4 27. Be2 Rxd1 28.
Rxd1 Nd3 29. Rf1 Qb2 30. Qxb2+ Nxb2 31. Ra1 Rc2 32. Bd1 Rc4 33. Bb3 Rb4 34. Bc2
Kf6 35. Kf1 Ke5 36. Ke2 Nc4 37. Rb1 Rxb1 38. Bxb1 Kd5 39. Kd1 Nd6 40. Ba2+ Kc5
41. Kc2 Kb4 42. Bb3 Nc4 43. Ba2 Ne5 44. Bd5 Kxa4 45. Kc3 Kxb5 46. Kd4 Nc6+ 47.
Kxe4 Nd8 48. Kd4 a4 49. e4 Ne6+ 50. Kc3 Nd8 51. Kd4 Kb4 52. f4 a3 53. Kd3 b5 54.
f5 Kc5 55. Bb3 Nc6 56. Kd2 Ne5 57. Ke3 Kb4 58. Ba2 Kc3 0-1

[Event "8th Sunway Sitges 2021"]
[Site "Sitges ESP"]
[Date "2021.12.20"]
[Round "7.51"]
[White "Heinemann, Josefine"]
[Black "Chitlange, Sakshi"]
[Result "0-1"]
[WhiteTitle "WGM"]
[BlackTitle "WIM"]
[WhiteElo "2369"]
[BlackElo "2132"]
[WhiteFideId "12900460"]
[BlackFideId "35002899"]
[EventDate "2021.12.13"]

1. e4 c6 2. Nf3 d5 3. d3 Bg4 4. h3 Bxf3 5. Qxf3 e6 6. g3 Nd7 7. Bg2 Ngf6 8. O-O
Be7 9. Nd2 O-O 10. Qe2 e5 11. c3 Re8 12. Nf3 Qc7 13. Re1 a5 14. Qc2 Rad8 15. Bg5
Nc5 16. exd5 Nxd5 17. Bd2 Bf6 18. Rad1 Re7 19. Ng5 g6 20. Ne4 Nxe4 21. dxe4 Nb6
22. Bf1 Red7 23. Be2 Be7 24. h4 Na4 25. b4 axb4 26. cxb4 Rd4 27. a3 c5 28. h5 c4
29. hxg6 hxg6 30. Qxa4 Rxd2 31. Rc1 R8d4 32. Rc2 b5 33. Qa8+ Rd8 34. Rxd2 Rxa8 0-1

[Event "8th Sunway Sitges 2021"]
[Site "Sitges ESP"]
[Date "2021.12.20"]
[Round "7.52"]
[White "Sudarshan, Bhat"]
[Black "Moksh, Amit Doshi"]
[Result "1/2-1/2"]
[BlackTitle "IM"]
[WhiteElo "1827"]
[BlackElo "2368"]
[WhiteFideId "35070843"]
[BlackFideId "25064967"]
[EventDate "2021.12.13"]

1. e4 c5 2. c3 Nf6 3. e5 Nd5 4. Nf3 d6 5. exd6 e6 6. g3 Bxd6 7. Bg2 O-O 8. O-O
Nc6 9. d4 Nf6 10. Bg5 cxd4 11. Nxd4 Nxd4 12. Qxd4 e5 13. Qd3 h6 14. Bxf6 Qxf6
15. Nd2 Bc7 16. Qc4 Qe7 17. Rfe1 Be6 18. Qa4 Rfd8 19. Nf1 a5 20. Qb5 Ra6 21.
Qxb7 Rb6 22. Qa7 Rxb2 23. Reb1 Rdb8 24. Rxb2 Rxb2 25. Ne3 Qf6 26. Nd1 Re2 27.
Qxc7 Re1+ 28. Bf1 Bh3 29. Ne3 Rxa1 30. Qb8+ Kh7 31. Qb2 Rxf1+ 32. Nxf1 Qf3 33.
Ne3 Bc8 34. Qc2+ g6 35. Qd1 Qe4 36. Qc2 Qf3 37. Qd1 Qc6 38. c4 Bb7 39. Qd5 Qxd5
40. cxd5 Kg7 41. Kf1 f5 42. f4 exf4 43. gxf4 Kf6 44. h4 g5 45. hxg5+ hxg5 46.
fxg5+ Kxg5 47. d6 1/2-1/2

[Event "8th Sunway Sitges 2021"]
[Site "Sitges ESP"]
[Date "2021.12.20"]
[Round "7.53"]
[White "Barath, Kalyan M"]
[Black "Manu, David Suthandram R"]
[Result "0-1"]
[BlackTitle "FM"]
[WhiteElo "2103"]
[BlackElo "2360"]
[WhiteFideId "25016555"]
[BlackFideId "35019562"]
[EventDate "2021.12.13"]

1. Nf3 Nf6 2. c4 e6 3. g3 d5 4. Bg2 c5 5. cxd5 exd5 6. d4 Nc6 7. O-O Be7 8. Nc3
O-O 9. dxc5 Bxc5 10. Na4 Be7 11. Be3 Re8 12. Rc1 Ng4 13. Bc5 Bf6 14. e3 Qa5 15.
a3 Bd7 16. b4 Nxb4 17. axb4 Qxa4 18. Qxd5 Bb5 19. Ng5 Ne5 20. Ra1 Qc2 21. Be4
Qe2 22. f4 Bxg5 23. fxe5 Bc4 24. Qxb7 Bxe3+ 25. Kh1 Bxc5 26. bxc5 Rab8 27. Rfe1
Qf2 28. Qd7 Be6 29. Qa4 Rec8 30. Rf1 Qxc5 31. Qxa7 Qxe5 32. Rae1 Qc3 33. Bg2 Qc4
34. Rf4 Qd3 35. Ref1 h6 36. Be4 Qe2 37. Qf2 Rb2 38. Qxe2 Rxe2 39. Bf3 Rd2 40.
Kg1 g5 41. Re4 Rcc2 42. h4 g4 43. Bh1 Rd3 44. Rf2 Rxg3+ 45. Bg2 Rxf2 46. Kxf2
Rxg2+ 47. Kxg2 Bd5 48. Kg3 Bxe4 49. Kxg4 Kg7 50. Kh5 Bf3# 0-1

[Event "8th Sunway Sitges 2021"]
[Site "Sitges ESP"]
[Date "2021.12.20"]
[Round "7.54"]
[White "Soumya, Swaminathan"]
[Black "Jaferian, Koosha"]
[Result "1-0"]
[WhiteTitle "IM"]
[WhiteElo "2351"]
[BlackElo "2179"]
[WhiteFideId "5016193"]
[BlackFideId "12507440"]
[EventDate "2021.12.13"]

1. d4 Nf6 2. c4 e6 3. Nf3 b6 4. a3 Bb7 5. Nc3 d5 6. cxd5 Nxd5 7. e3 Be7 8. Bb5+
c6 9. Bd3 c5 10. e4 Nxc3 11. bxc3 Nc6 12. O-O cxd4 13. cxd4 O-O 14. Bb2 Bf6 15.
Bc2 Rc8 16. Qd3 g6 17. Rad1 Na5 18. Bb1 Qd7 19. Ba2 Rfd8 20. h4 Qa4 21. Rc1 Bc6
22. Qe3 Bb5 23. Qf4 Rxc1 24. Rxc1 Bg7 25. Ng5 Rf8 26. Rc8 Rxc8 27. Qxf7+ Kh8 28.
Bxe6 h6 29. d5 Rc1+ 30. Kh2 Rh1+ 31. Kxh1 Qd1+ 32. Kh2 1-0

[Event "8th Sunway Sitges 2021"]
[Site "Sitges ESP"]
[Date "2021.12.20"]
[Round "7.55"]
[White "Manish Anto, Cristiano F"]
[Black "Latifah, Laysa"]
[Result "1-0"]
[WhiteTitle "IM"]
[WhiteElo "2336"]
[BlackElo "1897"]
[WhiteFideId "25095927"]
[BlackFideId "7111541"]
[EventDate "2021.12.13"]

1. d4 d5 2. c4 e6 3. Nc3 Nf6 4. Nf3 Be7 5. Bf4 O-O 6. e3 b6 7. Bd3 Bb7 8. cxd5
exd5 9. O-O Nbd7 10. Nb5 c5 11. Nd6 Bxd6 12. Bxd6 Re8 13. Rc1 Ne4 14. Bf4 c4 15.
Bb1 b5 16. Nd2 Nf8 17. Bxe4 dxe4 18. b3 Ne6 19. Bg3 cxb3 20. Qxb3 Qd5 21. Qb2
Rac8 22. a4 bxa4 23. Qb4 Bc6 24. Nc4 Red8 25. Rc3 Bb5 26. Rfc1 Rc6 27. h3 h6 28.
Bh2 a6 29. Ne5 Rxc3 30. Rxc3 Re8 31. Nc4 Rd8 32. Nb6 Qf5 33. Nc8 Kh8 34. Nd6 Qh5
35. Nxe4 Kg8 36. Rc1 Qd5 37. Nc3 Qd7 38. d5 Nf8 39. e4 Rc8 40. Na2 Rxc1+ 41.
Nxc1 Qc8 42. Qd2 Qc4 43. f3 Nd7 44. Bd6 f6 45. Na2 Nb6 46. Nc3 Bd7 47. Ne2 Kf7
48. Nd4 Nc8 49. Ba3 Nb6 50. Qe3 Kg8 51. Nf5 Qb3 52. Ne7+ Kf7 53. Qc5 Qb5 54. Qc3
Ke8 55. Nf5 Nc4 56. Qxc4 1-0

[Event "8th Sunway Sitges 2021"]
[Site "Sitges ESP"]
[Date "2021.12.20"]
[Round "7.56"]
[White "Cornette, Matthieu"]
[Black "Movileanu, Daniela"]
[Result "1-0"]
[WhiteTitle "GM"]
[BlackTitle "WIM"]
[WhiteElo "2583"]
[BlackElo "2191"]
[WhiteFideId "620084"]
[BlackFideId "873349"]
[EventDate "2021.12.13"]

1. c4 Nf6 2. Nc3 d5 3. cxd5 Nxd5 4. Nf3 g6 5. Qb3 Nb6 6. d4 Bg7 7. e4 O-O 8. Be3
c6 9. Rd1 Bg4 10. Be2 Qc7 11. Ng5 Bxe2 12. Nxe2 N8d7 13. h4 Nf6 14. h5 Nxh5 15.
Nxh7 Rfe8 16. g4 Nf6 17. Bf4 e5 18. Nxf6+ Bxf6 19. dxe5 Rxe5 20. Qh3 Nc4 21. b3
Qa5+ 22. Kf1 Nb6 23. Rd6 Bg7 24. Qh7+ Kf8 25. Bh6 Bxh6 26. Qh8+ Ke7 27. Qf6+ Ke8
28. Rxh6 Nd7 29. Rh8+ Nf8 30. Rxf8+ Kxf8 31. Rd7 1-0

[Event "8th Sunway Sitges 2021"]
[Site "Sitges ESP"]
[Date "2021.12.20"]
[Round "7.58"]
[White "Stefanova, Antoaneta"]
[Black "Federzoni, Enzo"]
[Result "1-0"]
[WhiteTitle "GM"]
[WhiteElo "2469"]
[BlackElo "2177"]
[WhiteFideId "2902257"]
[BlackFideId "2173301"]
[EventDate "2021.12.13"]

1. d4 Nf6 2. Bg5 e6 3. Nd2 c5 4. e3 h6 5. Bh4 d5 6. c3 Nc6 7. Ngf3 Be7 8. Bd3
O-O 9. Ne5 Qc7 10. f4 cxd4 11. exd4 Rb8 12. O-O Bd7 13. g4 Ne4 14. Bxe7 Nxe7 15.
Nxe4 dxe4 16. Nxd7 Qxd7 17. Bxe4 f5 18. gxf5 Nxf5 19. Qf3 Kh8 20. Rae1 b6 21.
Bc2 Rf6 22. Kh1 Rbf8 23. Re5 g5 24. Bxf5 Rxf5 25. Qh3 Kg7 26. Rfe1 R8f6 27. fxg5
hxg5 28. Rxf5 Rxf5 29. Qg2 e5 30. d5 e4 31. c4 Qf7 32. Kg1 b5 33. b3 bxc4 34.
bxc4 Qc7 35. Qxe4 Qb6+ 36. Qe3 Qb2 37. Qxa7+ Rf7 38. Qe3 Kg6 39. Qe6+ Rf6 40.
Qe4+ Kh6 41. Qe2 Qd4+ 42. Kg2 Rf4 43. a4 Rg4+ 44. Kh1 Rf4 45. Rd1 Qc3 46. d6 Rd4
47. Qe6+ Kh5 48. Qe8+ 1-0

[Event "8th Sunway Sitges 2021"]
[Site "Sitges ESP"]
[Date "2021.12.20"]
[Round "7.59"]
[White "Boyer, Mahel"]
[Black "Varshini, V"]
[Result "1-0"]
[WhiteTitle "IM"]
[BlackTitle "WGM"]
[WhiteElo "2427"]
[BlackElo "2165"]
[WhiteFideId "45102422"]
[BlackFideId "5091241"]
[EventDate "2021.12.13"]

1. d4 d5 2. c4 e6 3. Nf3 Nf6 4. Nc3 Be7 5. Bf4 O-O 6. Rc1 c6 7. e3 Nbd7 8. Bd3
dxc4 9. Bxc4 b5 10. Bd3 Bb7 11. O-O Rc8 12. Ne5 a6 13. Ne4 c5 14. Nxd7 Qxd7 15.
Nxc5 Bxc5 16. dxc5 Rfd8 17. Bd6 Ne8 18. Be2 Nxd6 19. Qxd6 Qxd6 20. cxd6 Rxd6 21.
Bf3 Bc6 22. h4 Kf8 23. Rc5 Bd7 24. Rxc8+ Bxc8 25. Rc1 Bd7 26. Rc7 Rd2 27. Be4 h6
28. Kf1 Ke8 29. Bc2 Rd6 30. Ra7 Rd2 31. Rc7 Rd6 32. Ra7 Rd2 33. Ra8+ Ke7 34. Bb3
b4 35. Ke1 Rxb2 36. Rxa6 Rb1+ 37. Bd1 Bb5 38. Ra7+ Kf6 39. Kd2 Rb2+ 40. Bc2 Bc4
41. Rc7 Bd5 42. e4 Bxe4 43. Kc1 Rxa2 44. Bxe4 Rxf2 45. h5 b3 46. Rb7 b2+ 47. Kd1
b1=Q+ 48. Bxb1 Rxg2 49. Bh7 Kg5 50. Bg8 Kxh5 51. Bxf7+ g6 52. Bxe6 Kg5 53. Ke1
h5 54. Kf1 Rd2 55. Rb6 Rd4 56. Kg2 Kh4 57. Bf7 g5 58. Rh6 Rd2+ 59. Kf3 g4+ 60.
Ke3 Rh2 61. Rxh5+ Kg3 62. Rg5 Rh1 63. Bc4 Rh3 64. Be2 Rh4 65. Rg8 Kh3 66. Kf2
Kh2 67. Bxg4 Rh6 68. Rb8 Rh4 69. Bf3 Rh3 70. Rb1 1-0

[Event "8th Sunway Sitges 2021"]
[Site "Sitges ESP"]
[Date "2021.12.20"]
[Round "7.60"]
[White "Van Foreest, Machteld"]
[Black "Pantzar, Milton"]
[Result "1/2-1/2"]
[BlackTitle "IM"]
[WhiteElo "2189"]
[BlackElo "2420"]
[WhiteFideId "1051563"]
[BlackFideId "1721003"]
[EventDate "2021.12.13"]

1. e4 c6 2. d4 d5 3. Nd2 dxe4 4. Nxe4 Nf6 5. Nxf6+ exf6 6. Nf3 Bd6 7. Bd3 O-O 8.
O-O Bg4 9. c3 Re8 10. h3 Bh5 11. g4 Bg6 12. Nh4 Bxd3 13. Qxd3 g6 14. Ng2 Nd7 15.
Bf4 Bxf4 16. Nxf4 Qa5 17. a3 Qg5 18. Ng2 c5 19. Qb5 Rad8 20. Qxb7 cxd4 21. cxd4
f5 22. Rae1 Rxe1 23. Rxe1 fxg4 24. hxg4 Nf6 25. Re5 Qc1+ 26. Re1 Qd2 27. Qf3
Qxd4 28. Re7 Qxb2 29. Ne3 h6 30. g5 hxg5 31. Ng4 Kg7 32. Qxf6+ Qxf6 33. Nxf6
Kxf6 34. Rxa7 Rd3 35. Kg2 g4 36. Ra5 Kg7 37. Ra7 Rf3 38. a4 Kh6 39. Re7 Rf4 40.
a5 f5 41. a6 Ra4 42. a7 Kg5 43. Rb7 Ra2 44. Kg1 g3 45. fxg3 Kg4 46. Rb2 Rxa7 47.
Kg2 Ra4 48. Rc2 g5 49. Rb2 Ra3 50. Rb4+ f4 51. gxf4 gxf4 52. Rb2 Rg3+ 53. Kf2
Rh3 54. Rb8 Rh2+ 55. Kg1 Re2 56. Rb3 Re3 57. Rb2 Rh3 58. Rc2 Kg3 59. Rg2+ Kf3
60. Ra2 Kg3 61. Rg2+ Kf3 1/2-1/2

[Event "8th Sunway Sitges 2021"]
[Site "Sitges ESP"]
[Date "2021.12.20"]
[Round "7.61"]
[White "Fernandez Guillen, Ernesto J."]
[Black "Atanasov, Anthony"]
[Result "1-0"]
[WhiteTitle "IM"]
[BlackTitle "FM"]
[WhiteElo "2411"]
[BlackElo "2162"]
[WhiteFideId "3512428"]
[BlackFideId "2623897"]
[EventDate "2021.12.13"]

1. e4 c5 2. Nf3 d6 3. d4 cxd4 4. Nxd4 Nf6 5. Nc3 a6 6. Bc4 e6 7. Bb3 Nbd7 8. Bg5
Nc5 9. f4 Be7 10. Qe2 h6 11. Bxf6 Bxf6 12. O-O-O Qc7 13. Rhe1 b5 14. Nd5 exd5
15. exd5+ Be7 16. Nc6 O-O 17. Nxe7+ Kh8 18. f5 a5 19. c3 a4 20. Bc2 a3 21. b3 b4
22. c4 Nd7 23. Qd3 Nf6 24. g4 Nxg4 25. Qg3 Nf6 26. Rg1 Nh5 27. Qh4 Ra7 28. f6
Nxf6 29. Rxg7 Kxg7 30. Rg1+ Ng4 31. Rxg4+ Bxg4 32. Qxg4+ Kf6 33. Qh4+ Ke5 34.
Nf5 Qc5 35. Qg3+ 1-0